Greek Phrases - Statistics

General Stats
  • This quiz has been taken 11 times
  • The average score is 11 of 20
Answer Stats
Hint Answer % Correct
Kaliméra (Καλημέρα) Good Morning
89%
Efharistó (Ευχαριστώ) Thank You
89%
Kalispera (Καλησπέρα) Good Evening
78%
Oxi (Όχι) No
78%
Parakaló (Παρακαλώ) Please/You are Welcome
78%
Nai (Ναι) Yes
78%
Miláte Angliká? (Μιλάτε Αγγλικά;) Do you speak English
67%
Me léne … (Με λένε …) My name is
67%
Eimai kalos (Είμαι καλός) I am good
56%
Pos se léne? (Πώς σε λένε;) What is your name
56%
Kai esu (και εσύ;) And you
44%
Yassou (Γειά σου) Hello/Goodbye
44%
Ti kanis (Tη κάνης) How are you (informal)
44%
Tha íthela … (Θα ήθελα …) I would like
44%
Signómi (Συγγνώμη) Sorry
44%
Ise ómorfi (Είσαι όμορφη) You are beautiful
44%
Ti kanete (Τι κάνετε) How are you (formal)
33%
Íme apó … (Είμαι από …) I am from
33%
Póso káni? (Πόσο κάνει;) How much is this
22%
Opa! Yay
22%
No matching quizzes found
Score Distribution
Percent of People with Each Score
Percentile by Number Answered
Your Score History
You have not taken this quiz